000 00283nam a22001097a 4500
082 _a294
100 _aDr.Dalvinder Singh Grewal
_983511
245 _aGuru Nanak Dev Ji As Communicator Par Excellence
260 _aGrugram
_bEarth Vision Pub.
_c2022
650 _aReligion
942 _cBK
999 _c68451
_d68451